RIBA standard agreement 2010 (Record no. 112877)
[ view plain ]
| 000 -LEADER | |
|---|---|
| fixed length control field | 01052cam a22002295a 4500 |
| 001 - CONTROL NUMBER | |
| control field | L154181 |
| 005 - DATE AND TIME OF LATEST TRANSACTION | |
| control field | 20250819133707.0 |
| 008 - FIXED-LENGTH DATA ELEMENTS--GENERAL INFORMATION | |
| fixed length control field | 111024s2010 xxk f 000 0 eng d |
| 020 ## - INTERNATIONAL STANDARD BOOK NUMBER | |
| International Standard Book Number | 9781859463413 |
| 035 ## - SYSTEM CONTROL NUMBER | |
| System control number | (Sirsi) u154181 |
| 041 0# - LANGUAGE CODE | |
| Language code of text/sound track or separate title | eng |
| 050 04 - LIBRARY OF CONGRESS CALL NUMBER | |
| Classification number | 692.8 |
| 110 2# - MAIN ENTRY--CORPORATE NAME | |
| Corporate name or jurisdiction name as entry element | RIBA Enterprises |
| 9 (RLIN) | 4631 |
| 245 00 - TITLE STATEMENT | |
| Title | RIBA standard agreement 2010 |
| Remainder of title | consultant |
| 260 ## - PUBLICATION, DISTRIBUTION, ETC. | |
| Place of publication, distribution, etc. | London |
| Name of publisher, distributor, etc. | RIBA |
| Date of publication, distribution, etc. | 2010 |
| 520 ## - SUMMARY, ETC. | |
| Summary, etc. | Designed to create a fair balance of risk between the consultant and the client and sets out the obligations of the parties. |
| 520 ## - SUMMARY, ETC. | |
| Summary, etc. | Includes <br/>- information sheet on principal changes in RIBA standard conditions of appointment 2010 from 2007 edition. <br/>- Printed RIBA Agreements 2010 Corrections released February 2011<br/>- Schedules 2010<br/>- Memorandum of Agreeement for the Appointment of a Consultant<br/>- Standard Agreement 2010 Notes Part 1 (use and completion) and Part 2 (Model Letter) |
| 590 ## - LOCAL NOTE (RLIN) | |
| Local note | KA NTK |
| 651 #4 - SUBJECT ADDED ENTRY--GEOGRAPHIC NAME | |
| Geographic name | England and Wales |
| Chronological subdivision | 1543- |
| 690 ## - LOCAL SUBJECT ADDED ENTRY--TOPICAL TERM (OCLC, RLIN) | |
| Topical term or geographic name as entry element | BUILT ENVIRONMENT-CONSTRUCTION MANAGEMENT |
| 942 ## - ADDED ENTRY ELEMENTS (KOHA) | |
| Suppress in OPAC | 0 |
| Source of classification or shelving scheme | Dewey Decimal Classification |
| Withdrawn status | Lost status | Source of classification or shelving scheme | Damaged status | Not for loan | Home library | Current library | Shelving location | Date acquired | Cost, normal purchase price | Total Checkouts | Full call number | Barcode | Date last seen | Copy number | Cost, replacement price | Price effective from | Koha item type |
|---|---|---|---|---|---|---|---|---|---|---|---|---|---|---|---|---|---|
| Dewey Decimal Classification | London | London | Folio | 26/10/2011 | 27.20 | F692.8 RIB | 30079545 | 19/08/2025 | 1 | 27.20 | 06/08/2019 | Book |